000 00916nam0a22002771 4500
001 rc\4294432
005 20250611152051.0
021 _aRU
_bРг5451-59
035 _a(NLR Aleph) 008254071
090 _a8354584
_c8354584
100 _a20130416d1959 |||y0rusy50 ca
101 0 _arus
102 _aRU
105 _aa z |||||
200 1 _aОпыт применения термоблоков для изоляции глиссажных и опорных труб методических печей НТМК
210 _aМосква
_cБ. и.
_d1959
215 _a7 с.
_cил.
_d26
300 _aБез тит. л. и обл.
300 _aПеред загл. авт.: инж. В.Е. Бурксер
333 _aНа правах рукописи
700 1 _aБурксер
_bВ.Е.
801 0 _aRU
_bNLR
_gpsbo
801 1 _aRU
_bELAR
_2rusmarc
852 _aNLR
_j59-7/1558
942 _cBOOK
980 _aNB